Statistiques concernant Tous les numéros 10 de Premier League lors de la saison 2023/2024

Cliquez ici pour prendre le quiz!

Statistiques générales

  • Ce quiz a été pris 88 fois
  • Le résultat moyen est 9 sur 19

Statistiques - réponses

ClubNationalitéRéponse% Correct
West HamBrésilLucas Paqueta
89%
LiverpoolArgentineAlexis Mac Allister
88%
ChelseaUkraineMykhailo Mudryk
88%
Manchester UnitedAngleterreMarcus Rashford
87%
Manchester CityAngleterreJack Grealish
85%
TottenhamAngleterreJames Maddison
85%
NewcastleAngleterreAnthony Gordon
65%
ArsenalAngleterreEmile Smith-Rowe
59%
Aston VillaArgentineEmiliano Buendia
56%
Crystal PalaceAngleterreEberechi Eze
51%
BrightonParaguayJulio Enciso
43%
EvertonPays-BasArnaut Danjuma
37%
Nottingham ForestAngleterreMorgan Gibbs-White
29%
FulhamEcosseTom Cairney
21%
BournemouthEcosseRyan Christie
11%
BrentfordAngleterreJosh Dasilva
7%
Sheffield UtdAngleterreCameron Archer
5%
Luton TownAngleterreCauley Woodrow
3%
BurnleyBelgiqueBenson Manuel Hedilazio
1%

Distribution des résultats

Percentile par nombre de réponses

% des personnes avec chaque résultat

Votre développement - résultats

Vous n’avez pas pris ce quiz